000 00569cam a22002053a 4500
001 45446
003 PGUSA
005 20140828084042.0
008 140421s2014||||xxu|||||s|||||000 | eng d
040 _aPGUSA
_beng
042 _adc
100 1 _aWalsh, James Joseph
245 1 0 _aMakers of Electricity
_h[electronic resource] /
_cJames Joseph Walsh
260 _bProject Gutenberg,
_c2014
506 _aPublic domain in the USA.
516 _aElectronic text
830 0 _aProject Gutenberg
_v45446
856 4 0 _uhttp://www.gutenberg.org/ebooks/45446
942 _cEB
999 _c274697
_d274697